Vedomosti o minerálnych vodách Slovenska v 16. až 19. storočí

Bibliographic Details
Main Authors: Franko, Ondrej, 1931-2011 (Author), Ďuričková, Alexandra (Author)
Format: Article
Language:Slovak
Subjects:

MARC

LEADER 00000nab a2200000 a 4500
001 vtls010260057
003 SK-MaSNL
005 20260304160708.0
008 25050723c2009 xo o |||||||||||||||slol
015 |a SNBRB2010/04 
035 |a SVKKK000100195 
035 |a urn:nbn:sk:snk-ab17o9 
035 |a (urnnbn)urn:nbn:sk:snk:ar-a04xiv 
035 |a (uuid)767c04ef-de30-4044-9584-26d3203b65c4 
038 |a SVKKK 
040 |a SNKBUCL  |b slo  |c SNKBUCL  |e AACR2 
041 0 |a slo  |b eng 
044 |a xo  |c SK 
080 |a 553.7  |x (437.6)  |x "15/18"  |2 1997 
080 |a 94  |x "15/18"  |2 1997 
100 1 |a Franko, Ondrej,  |d 1931-2011  |4 aut  |9 106042 
245 1 0 |a Vedomosti o minerálnych vodách Slovenska v 16. až 19. storočí  |c Ondrej Franko, Slávka Grexová, Pavel Tkáčik 
246 3 1 |a Knowledge on mineral waters of Slovakia from 16th to 19th century 
300 |b Obr., tab. 
504 |a Bibliogr. odkazy 
504 |a Res. angl. 
648 7 |a 16.-19. stor.  |2 snkbucl  |9 287139 
650 0 7 |a minerálne vody  |x dejiny  |2 snkbucl  |9 1483674 
650 0 7 |a minerálne pramene  |2 snkbucl  |9 85546 
651 7 |a Slovensko  |2 snkbucl 
700 1 |a Ďuričková, Alexandra  |4 aut  |9 790420 
773 0 |t Podzemná voda  |g Roč. 15, č. 2 (2009), s. 210-215  |x 1335-1052 
850 |a Slovenská národná knižnica 
852 |a Slovenská národná knižnica 
954 |a odborná, vedecká literatúra pôvodná (slovenská)  |2 lita 
958 |a article2022 
958 |a NB 
958 |a SK 
958 |a OND 
958 |a EUIPO 
999 |c 2968421  |d 2970351